000 00584nam a2200181Ia 4500
999 _c23161
_d23161
003 OSt
005 20200323101234.0
008 190216s9999||||xx |||||||||||||| ||und||
020 _a9788121511483
040 _coclc
082 _a297
_bTIT/I
100 _aTitus, Murray T
_92148
245 0 _aIslam In India And Pakistan :
_b A Religious History Of Islam In India And Pakistan /
_cMurray T Titus
260 _bMunshiram Manoharlal Pub Pvt Ltd,
_c2005.
_aNew Delhi:
300 _a328p
650 _aIslamic History
942 _cBK
_2ddc
_h297
_iTIT/I
_k297
_mTIT/I